000 00829cab a22001935a 4500
001 L151699
008 101202s2010 xxk f s 000 0 eng d
035 _a(Sirsi) u151699
041 0 _aeng
100 1 _aBroadbent, Sarah
245 0 0 _aTackling the respiratory hazards of asbestos and crystalline silica in the construction sector
260 _c2010
490 0 _aBuilding Engineer
_v85(12) December 2010, 14-16(3)
520 _aDiscusses the requirements of employers of The Control of Asbestos Regulations 2006 including protective equipment when working with asbestos and preventing exposure wherever reasonably practicable; managing exposure; selecting and fit testing respiratory protective equipment (RPE).
590 _aKA
651 4 _aEngland and Wales
_y1543-
690 _aHealth and safety
_96244
942 _n0
999 _c82842
_d82842